| 000 | 00609nam a22001817a 4500 | ||
|---|---|---|---|
| 999 |
_c157701 _d157701 |
||
| 005 | 20180926120512.0 | ||
| 010 | _aENG-124059 | ||
| 020 |
_c750.00 _a9788183877756 |
||
| 035 | _aEN-107591 | ||
| 037 | _bDBAD/PUB | ||
| 082 | _a891.4 | ||
| 245 |
_aDalit literature a pedagogic discourse: _ced.by D. Murali Manohar _b(in honour of prof.M. Sridhar) |
||
| 260 |
_bSerials Publications _aNew Delhi _c2016 |
||
| 270 |
_a4830/24, Prahlad Street, Ansari Road, Darya Ganj, _bNew Delhi _e110002 |
||
| 300 |
_axiv,181p _c21cm.(Hb.) |
||
| 700 | _aD. Murali Manohar | ||
| 942 |
_2ddc _cEN _mDAL _h891.4 |
||